ব্যষ্টিক অর্থনীতি : (Record no. 44008)
[ view plain ]
| 000 -LEADER | |
|---|---|
| fixed length control field | 00932nam a2200241 a 4500 |
| 001 - CONTROL NUMBER | |
| control field | 44008 |
| 003 - CONTROL NUMBER IDENTIFIER | |
| rucl marc code | BD-RjUL |
| 005 - DATE AND TIME OF LATEST TRANSACTION | |
| control field | 20211209053802.0 |
| 008 - FIXED-LENGTH DATA ELEMENTS--GENERAL INFORMATION | |
| fixed length control field | 160712s1981 bg ||||| |||| 00| 0 ben d |
| 020 ## - INTERNATIONAL STANDARD BOOK NUMBER | |
| Terms of availability | : Tk. 70.00 |
| 035 ## - SYSTEM CONTROL NUMBER | |
| System control number | (BD-RjUL)44126 |
| 040 ## - CATALOGING SOURCE | |
| Original cataloging agency | BD-RjUL |
| Language of cataloging | ben |
| Transcribing agency | BD-RjUL |
| 041 ## - LANGUAGE CODE | |
| Language code of text/sound track or separate title | ben |
| 082 ## - DEWEY DECIMAL CLASSIFICATION NUMBER | |
| Edition number | 23 |
| Classification number | 338.5 |
| Author mark and year | CHB 1981 |
| 100 ## - MAIN ENTRY--PERSONAL NAME | |
| Personal name | চক্রবর্তী, মনতোষ |
| 9 (RLIN) | 135178 |
| 245 10 - TITLE STATEMENT | |
| Title | ব্যষ্টিক অর্থনীতি : |
| Remainder of title | বর্ণনামূলক ও গাণিতিক বিশ্লেষণ / |
| Statement of responsibility, etc. | মনতোষ চক্রবর্তী |
| 250 ## - EDITION STATEMENT | |
| Edition statement | ২য় সং. |
| 260 ## - PUBLICATION, DISTRIBUTION, ETC. (IMPRINT) | |
| Place of publication, distribution, etc. | ঢাকা : |
| Name of publisher, distributor, etc. | মিসেস আর চৌধুরী, |
| Date of publication, distribution, etc. | ১৯৮১ |
| 300 ## - PHYSICAL DESCRIPTION | |
| Pagination | অন্যান্য পৃ. ; |
| Size | ১৯ সেমি. |
| 650 ## - SUBJECT ADDED ENTRY--TOPICAL TERM | |
| Topical term or geographic name as entry element | ব্যষ্টিক অর্থনীতি |
| 9 (RLIN) | 135179 |
| Topical term or geographic name as entry element | Microeconomics. |
| 9 (RLIN) | 135180 |
| 942 ## - ADDED ENTRY ELEMENTS (KOHA) | |
| Source of classification or shelving scheme | Dewey Decimal Classification |
| Koha item type | Books |
| Lost status | Source of classification or shelving scheme | Damaged status | Not for loan | Collection code | Permanent Location | Current Location | Shelving location | Date acquired | Source of acquisition | Cost, normal purchase price | Total Checkouts | Full call number | Date last seen | Date checked out | Copy number | Koha item type |
|---|---|---|---|---|---|---|---|---|---|---|---|---|---|---|---|---|
| Dewey Decimal Classification | Non-fiction | Central Library, University of Rajshahi | Central Library, University of Rajshahi | 31/07/1984 | Dhaka, University book press | 70.00 | 1 | B 338.5 CHB 1981 | 27/11/2016 | 06/11/2016 | C-2 | Books | ||||
| Dewey Decimal Classification | Non-fiction | Central Library, University of Rajshahi | Central Library, University of Rajshahi | 31/07/1984 | Dhaka university book press | 70.00 | B 338.5 CHB 1981 | 12/07/2016 | C-3 | Books | ||||||
| Dewey Decimal Classification | Non-fiction | Central Library, University of Rajshahi | Central Library, University of Rajshahi | 07/08/1984 | Imprial books, Rajshahi | 70.00 | B 338.5 CHB 1979 | 08/08/2016 | C-4 | Books | ||||||
| Dewey Decimal Classification | Non-fiction | Central Library, University of Rajshahi | Central Library, University of Rajshahi | 07/08/1984 | Imprial books, Rajshahi | 70.00 | B 338.5 CHB 1979 | 08/08/2016 | C-5 | Books | ||||||
| Dewey Decimal Classification | Not For Loan | Non-fiction | Central Library, University of Rajshahi | Central Library, University of Rajshahi | Reading Room | 07/08/1984 | Rajshahi : Imperial Books | 70.00 | B 338.5 CHB 1981 | 12/09/2021 | C-1 | Books |